=LDR 00000nam 2200000 4500 =001 INLIS000000000032430 =005 20130612134434 =008 ***********************************ind** =035 ##$$a0010-061300000032430 =041 ##$$a ind =082 ##$$a 153.8 =090 ##$$a 153.8, Yas e =100 ##$$a YASIR, Muhammad =245 ##$$a 450 kata motivasi dosis tinggi, Muhammad Yaasir ; editor, Muslich Taman =260 ##$$a 2009 $b Jakarta =300 ##$$a ix, 137 hlm, 21cm =650 ##$$a Motivasi ( Psikolog ) =700 ##$$a Taman, Muslich =850 ##$$a NBPNMAT =990 ##$$a 21196417/BPAP-NTB/2014 =990 ##$$a 21400613/BPAP-NTB/20142014